Normale Ansicht MARC-Ansicht ISBD

Zapiski Michaila Garnovskogo / (Titelsatznr. 50122)

[ MARC ]
MARC-Details
000 -Satzkennung
Kontrollfeld mit fester Länge 00703nac a22002051ca4500
001 - Kontrollnummer
Kontrollfeld a987689956
003 - Kontrollnummer Identifier
Kontrollfeld RU-10907106
005 - Datum und Zeit der letzten Transaktion
Kontrollfeld 20220225150127.0
008 - Feld mit fester Länge zur physischen Beschreibung - Allgemeine Angaben
Kontrollfeld mit fester Länge 180713s2017 gw |||| 000u rus d
020 ## - Internationale Standardbuchnummer
Internationale Standardbuchnummer 9785852094155
Verknüpfung 978-5-85209-415-5
040 ## - Katalogisierungsquelle
Übertragungsstelle RU-10907106
Original-Katalogisierungsstelle RU-10907106
Katalogisierungssprache ger
041 ## - Sprachcode
Sprachcode des Textes/der Tonspur oder des separaten Titels rus
100 1# - Haupteintragung - Personenname
Personenname Garnovskij, Michail Antonovič
Koha-Normdatenidentnummer 3152
245 00 - Titel
Titel Zapiski Michaila Garnovskogo /
Verfasserangabe etc. [Garnovskij M.A]. Ekaterina i Potemkin : podlinnaja ich perepiska, 1782-1791 / predislovie, kommentarii T.A. Lobaškovoj
264 ## - Produktion, Veröffentlichung, Distribution, Herstellung und Urheberrechtsvermerk
Herstellungs-, Veröffentlichungs- Vertriebs-, Erzeugungsort Moskva,
Datum der Herstellung, der Veröffentlichung, des Vertriebs oder des Urheberschutzvermerks 2017
300 ## - Physische Beschreibung
Umfang 560 Seiten
710 2# - Nebeneintragung - Körperschaftsname
Körperschafts- oder Gebietskörperschaftsname als Eintragungselement Gosudarstvennaja publičnaja istoričeskaja biblioteka Rossii
Koha-Normdatenidentnummer 3153
942 ## - Zusätzliche Felder (Koha)
Koha-Medientyp Monographien
Klassifikation oder Aufstellungssystematik Andere/Generische Klassifikation
Exemplare
Ausgeschieden Verloren Klassifikation oder Aufstellungssystematik Beschädigt Nicht entleihbar Heimatbibliothek Aufenthaltsbibliothek Aufstellungsort Erwerbungsdatum Inventarnummer Signatur Barcode Letzte Aktivität Preis gültig von Koha-Medientyp
    Andere/Generische Klassifikation     MWN Osteuropa MWN Osteuropa Magazin - 2 13/07/2018 18-01362 R 52 ad Eka 33 E0040150790E85B6 23/02/2021 22/03/2021 Monographien